000 00625nam a22002417a 4500
001 101222
003 UA-OsUOA
005 20211108225513.0
007 ta
008 20130610b un ||||| |||| 00| 0 ukr d
040 _aUA-OsUOA
_brus
_cUA-OsUOA
_dUA-OsUOA
041 _arus
080 _a94(47+571)
090 _a94(47+571)
_bЛ72
100 _aЛозинская Л.
245 _aВо главе двух академий
260 _aМ.
_bНаука
_c1978
300 _a141 с.
650 7 _a94 Історія
_2UDC
942 _cBK
_2udc
955 _a1
999 _c387937
_d387937